Generation Y – Health Related Attitudes and Behaviour

Predstavenie prieskumu zameraného na postoje spoločnosti generácie Y smerom k zdravému životnému štýlu. Výsledky ukazujú, že pre mladých ľudí je dôležité byť zdravým a šťastným. Hoci sa ale mladí snažia žiť zdravo, ich správanie nie vždy zodpovedá úplne zdravému a zodpovednému životnému štýlu.

Gespeichert in:
Bibliographische Detailangaben
1. Verfasser: Vokounová, Dana, 1962-
Format: Buchkapitel
Sprache:Englisch
Schlagworte:
Tags: Tag hinzufügen
Keine Tags, Fügen Sie das erste Tag hinzu!

MARC

LEADER 00000nla a2200000 4500
001 0245593
005 20240502083655.1
041 0 |a eng 
044 |a CZ 
245 1 0 |a Generation Y – Health Related Attitudes and Behaviour 
520 |a Predstavenie prieskumu zameraného na postoje spoločnosti generácie Y smerom k zdravému životnému štýlu. Výsledky ukazujú, že pre mladých ľudí je dôležité byť zdravým a šťastným. Hoci sa ale mladí snažia žiť zdravo, ich správanie nie vždy zodpovedá úplne zdravému a zodpovednému životnému štýlu. 
610 2 0 |a mládež 
610 2 0 |a mladiství 
610 2 0 |a zdravie 
610 2 0 |a štýl životný 
610 2 0 |a postoje 
610 2 0 |a správanie 
100 1 |a Vokounová, Dana, 1962-